000 01157 am a2200253 a 4500
001 8949
003 BD-RjUL
005 20211208234702.0
008 161020s1999 bg a b 00| 0 ben d
020 _a9840738453
_c: Tk. 230.00
035 _a(BD-RjUL)8994
040 _aBD-RjUL
_cBD-RjUL
_dBD-RjUL
_bben
041 _aben
082 _a016.5405
_bPUR 1999
_223
245 _aপূর্ব বাঙলার সাময়িকপত্র :
_b[১৯৪৭-১৯৭১] /
_cইসরাইল খান সংকলিত ও সম্পাদিত
260 _aঢাকা :
_bবাংলা একাডেমী,
_c১৯৯৯
300 _a৮, ৮১৩ পৃ. ;
_c২২ সেমি.
490 _aবাএ ;
_v৩৮৩৬
504 _aতথ্যপঞ্জি সংযুক্ত
650 _aসাময়িকপত্র
_zবাংলাদেশ (পূর্ব পাকিস্তান)
_y১৯৪৭-১৯৭১
_vগ্রন্থপঞ্জি
_9160356
650 _aPeriodicals
_zBangladesh (East Pakistan)
_y1947-1971
_vBibliography
_9160357
830 _aবাএ ;
_v৩৮৩৬
_9165532
942 _2ddc
_cBK
999 _c8949
_d8949